| 000 | 00537nam a22001697a 4500 | ||
|---|---|---|---|
| 003 | NUST | ||
| 005 | 20221006125123.0 | ||
| 007 | 9 | ||
| 020 | _a978--93-528-6843-8 | ||
| 082 | _a621.3, GAT | ||
| 100 |
_aPEARSON INDIA _999286 |
||
| 245 |
_aGate Electrical Engineering 2019 _cPEARSON INDIA |
||
| 260 |
_aIndia _bTrishna Knowledge Systems _c2018 |
||
| 300 | _axxviii: 1069: pages | ||
| 505 | _aPart-1: General Aptitude (Page-1-1), Part-2: Electrical Mathematics (Page-2-1), Part-3: Electrical Engineering (Page-3-1), | ||
| 942 |
_2ddc _cBK |
||
| 999 |
_c591535 _d591535 |
||